000 00649cam a2200217 4500
001 M83409
008 090401t1997 xxu||||| |||| 00| 0 eng d
035 _a(Sirsi) u77787
041 _aeng
050 _a333.0076
110 _aRoyal Institution of Chartered Surveyors
_94900
245 _aAssessment of professional competence : the list of competencies (with template for candidate`s record of progress).
260 _aLondon
_bRICS
_c1997
300 _a63,8p. ; 30cm.
350 _a0
650 _aAPC
_96216
650 _aAPC
_96216
690 _aMANAGEMENT-BUSINESS MANAGEMENT-PROFESSIONAL PRACTICE
942 _n0
948 _c17/04/1997
999 _c96353
_d96353